| 000 | 04244nam a2200457 a 4500 | ||
|---|---|---|---|
| 005 | 20070314083947.0 | ||
| 008 | 060818s2006 ii a | 001 0beng | ||
| 010 | _aB-269146-165 , B-283148 | ||
| 020 |
_a9788184520033 _c495.00 |
||
| 035 | _aB-269146-165 | ||
| 040 |
_adpl _bEnglish |
||
| 082 | _a880.8 | ||
| 245 |
_aVijay Tendulkar omnibus / _cedited by Makarand Sathe |
||
| 260 |
_aGurgaon _bArvind Kumar Publishers _c2007 |
||
| 270 |
_aC-1/324,Palam Villas, Palam Vihar _bGurgaon _e122017 _mwww.arvindkumarpublishers.in |
||
| 300 |
_a345p. _c22cm (pbk) |
||
| 700 | _aSathe, Makarand | ||
| 942 |
_2ddc _cEN _mVIJ _h880.8 |
||
| 999 |
_c16788 _d16788 |
||